Jehan-e-deda,20 mulkoo ka safarnama (Record no. 583368)

000 -LEADER
fixed length control field 00453nam a22001697a 4500
003 - CONTROL NUMBER IDENTIFIER
control field CEME
005 - DATE AND TIME OF LATEST TRANSACTION
control field 20210628210128.0
008 - FIXED-LENGTH DATA ELEMENTS--GENERAL INFORMATION
fixed length control field 210202b xxu||||| |||| 00| 0 eng d
040 ## - CATALOGING SOURCE
Transcribing agency .
082 ## - DEWEY DECIMAL CLASSIFICATION NUMBER
Classification number 910.4 USM
100 ## - MAIN ENTRY--PERSONAL NAME
Personal name Muhammad Taqi Usmani,Usmani, Muhammad Taqi
9 (RLIN) 78209
245 ## - TITLE STATEMENT
Title Jehan-e-deda,20 mulkoo ka safarnama
260 ## - PUBLICATION, DISTRIBUTION, ETC.
Place of publication, distribution, etc. KARACHI
Name of publisher, distributor, etc. IDARA AL-MUAARA
Date of publication, distribution, etc. 1999
300 ## - PHYSICAL DESCRIPTION
Extent 668P
650 ## - SUBJECT ADDED ENTRY--TOPICAL TERM
Topical term or geographic name entry element URDU ADAB-SAFARNAMA
9 (RLIN) 64322
942 ## - ADDED ENTRY ELEMENTS (KOHA)
Koha item type Book
Source of classification or shelving scheme
Holdings
Withdrawn status Lost status Damaged status Not for loan Permanent Location Current Location Shelving location Date acquired Total Checkouts Full call number Barcode Date last seen Price effective from Koha item type
        College of Electrical & Mechanical Engineering (CEME) College of Electrical & Mechanical Engineering (CEME) General Stacks 02/27/2017   910.4 USM CEME-39877 06/28/2021 06/28/2021 Book
© 2023 Central Library, National University of Sciences and Technology. All Rights Reserved.